Journal of research in marketing and entrepreneurship

Detalles Bibliográficos
Formato: Electrónico Revista
Lenguaje:inglés
Publicado: Bingley, England : Emerald Group Pub. Ltd.
Materias:
Acceso en línea:Full text available from Research Library: 01/01/1999 to 12/31/2000
Full text available from Research Library: 01/01/2003 to 12/31/2003
Full text available from Research Library: 01/01/2005 to 1 year ago

MARC

LEADER 00000nas a2200000 a 4500
001 ssj0000389631
003 WaSeSS
005 20200512172242.0
006 m d
007 cr n
008 100507c19999999enk|| p|s||||||||||0eng|d
022 |a 1471-521X  |l 1471-5201  |y 1471-5201 
035 |a (WaSeSS)ssj0000389631 
040 |a WaSeSS  |c WaSeSS  |d WaSeSS 
050 4 |a HB615 
222 0 |a Journal of research in marketing & entrepreneurship 
245 0 0 |a Journal of research in marketing and entrepreneurship  |h [electronic resource]. 
260 |a Bingley, England :  |b Emerald Group Pub. Ltd. 
310 |a Annual 
362 1 |a Began with Vol. 1, issue 1 (1999). 
500 |a Description based on: Vol. 1, issue 1 (1999); title from volume contents page (publisher's website, viewed May 7, 2010). 
500 |a Latest issue consulted: Vol. 11, issue 1 (2009) (viewed May 7, 2010). 
506 |a License restrictions may limit access. 
650 0 |a Entrepreneurship  |v Periodicals. 
650 0 |a Marketing  |v Periodicals. 
655 0 |a Electronic journals. 
776 0 8 |i Print version:  |t Journal of research in marketing and entrepreneurship  |x 1471-5201 
856 4 0 |z Full text available from Research Library: 01/01/1999 to 12/31/2000  |u https://search.proquest.com/publication/39987 
856 4 0 |z Full text available from Research Library: 01/01/2003 to 12/31/2003  |u https://search.proquest.com/publication/39987 
856 4 0 |z Full text available from Research Library: 01/01/2005 to 1 year ago  |u https://search.proquest.com/publication/39987